| 000 | 00405nam a22001457a 4500 | ||
|---|---|---|---|
| 020 | _a9788120336070 | ||
| 040 | _cNust | ||
| 082 |
_a621.385 _bPAL |
||
| 100 |
_aT.G. Palanivelu _9124491 |
||
| 110 |
_aR. Nakkeeran _9124492 |
||
| 245 | _aWireless and Mobile Communications | ||
| 260 |
_aNew Delhi: _bPHI Learning Pvt Ltd, _c2009. |
||
| 650 |
_aWireless and Mobile Communications _9124493 |
||
| 942 |
_2ddc _cBK |
||
| 999 |
_c610337 _d610337 |
||